Missile Aerodynamics (Record no. 561846)
[ view plain ]
| 000 -LEADER | |
|---|---|
| fixed length control field | 00379nam a2200133Ia 4500 |
| 008 - FIXED-LENGTH DATA ELEMENTS--GENERAL INFORMATION | |
| fixed length control field | 210430s9999 xx 000 0 und d |
| 020 ## - INTERNATIONAL STANDARD BOOK NUMBER | |
| International Standard Book Number | 0-9620629-0-1 |
| 082 ## - DEWEY DECIMAL CLASSIFICATION NUMBER | |
| Classification number | 623.4519 N665 M |
| 100 ## - MAIN ENTRY--PERSONAL NAME | |
| Personal name | Jack N Nielsen |
| 9 (RLIN) | 52555 |
| 245 ## - TITLE STATEMENT | |
| Title | Missile Aerodynamics |
| Statement of responsibility, etc. | Jack N Nielsen |
| 260 ## - PUBLICATION, DISTRIBUTION, ETC. | |
| Place of publication, distribution, etc. | California |
| Name of publisher, distributor, etc. | Nielsen engineering 7 Research,INc |
| Date of publication, distribution, etc. | 1960 |
| 300 ## - PHYSICAL DESCRIPTION | |
| Extent | 450p. |
| 942 ## - ADDED ENTRY ELEMENTS (KOHA) | |
| Koha item type | Book |
| Source of classification or shelving scheme | |
| Withdrawn status | Lost status | Damaged status | Not for loan | Collection code | Permanent Location | Current Location | Shelving location | Date acquired | Total Checkouts | Full call number | Barcode | Date last seen | Price effective from | Koha item type |
|---|---|---|---|---|---|---|---|---|---|---|---|---|---|---|
| School of Chemical & Materials Engineering (SCME) | School of Chemical & Materials Engineering (SCME) | General Stacks | 623.4519 N665 M | SCME-682 | 04/30/2021 | 04/30/2021 | Book |
